Fr. Conceicao Rodrigues College of Engineering

Digital signal processing (Record no. 24169)

MARC details
000 -LEADER
fixed length control field 00346nam a2200169Ia 4500
082 ## - DEWEY DECIMAL CLASSIFICATION NUMBER
Classification number 621.3822
Item number SAL
100 ## - MAIN ENTRY--PERSONAL NAME
Personal name Salivahanan/S
250 ## - EDITION STATEMENT
Edition statement 2
245 ## - TITLE STATEMENT
Title Digital signal processing
260 ## - PUBLICATION, DISTRIBUTION, ETC.
Name of publisher, distributor, etc. Tata Mc Graw hill Ltd.
Date of publication, distribution, etc. 2010
366 ## - TRADE AVAILABILITY INFORMATION
Publishers's discount category 25
300 ## - PHYSICAL DESCRIPTION
Extent 923
546 ## - LANGUAGE NOTE
Language note ENGLISH
-- TTL
650 ## - SUBJECT ADDED ENTRY--TOPICAL TERM
Topical term or geographic name entry element DSP
942 ## - ADDED ENTRY ELEMENTS (KOHA)
Koha item type BOOK
Holdings
Withdrawn status Lost status Damaged status Not for loan Collection Home library Current library Date acquired Source of acquisition Cost, normal purchase price Inventory number Total Checkouts Full call number Barcode Date last seen Date last checked out Cost, replacement price Price effective from Koha item type
        CRC Fr. Agnel's C.Rodrigues College of Engineering Fr. Agnel's C.Rodrigues College of Engineering 17/03/2023 Allied Publishers 288.75 201 dt 27/04/2011 1 621.3822 SAL 21469 13/05/2026 12/01/2026 385.00   BOOK